<?xml version="1.0" encoding="UTF-8"?>
<record
    xmlns:xsi="http://www.w3.org/2001/XMLSchema-instance"
    xsi:schemaLocation="http://www.loc.gov/MARC21/slim http://www.loc.gov/standards/marcxml/schema/MARC21slim.xsd"
    xmlns="http://www.loc.gov/MARC21/slim">

  <leader>01391nam a22002177a 4500</leader>
  <datafield tag="999" ind1=" " ind2=" ">
    <subfield code="c">22147</subfield>
    <subfield code="d">22147</subfield>
  </datafield>
  <controlfield tag="003">AR-CdUCM</controlfield>
  <controlfield tag="008">190515b           ||||| |||| 00| 0 spa d</controlfield>
  <datafield tag="040" ind1=" " ind2=" ">
    <subfield code="a">MUNICIPALIDAD PROVINCIAL DEL CUSCO</subfield>
    <subfield code="c">BIBLIOTECA MUNICIPAL DEL CUSCO</subfield>
  </datafield>
  <datafield tag="082" ind1=" " ind2=" ">
    <subfield code="a">InkaRimay/N&#xB0;4/1999</subfield>
  </datafield>
  <datafield tag="110" ind1=" " ind2=" ">
    <subfield code="a">Academia Mayor de la Lengua Quechua</subfield>
    <subfield code="9">7946</subfield>
  </datafield>
  <datafield tag="245" ind1=" " ind2=" ">
    <subfield code="a">Revista Inka Rimay :</subfield>
    <subfield code="b">&#xD3;rgano Cultural e Informativo de la Academia Mayor de Lengua Quechua /</subfield>
  </datafield>
  <datafield tag="260" ind1=" " ind2=" ">
    <subfield code="a">Cusco :</subfield>
    <subfield code="b">JL editores,</subfield>
    <subfield code="c">1999.</subfield>
  </datafield>
  <datafield tag="300" ind1=" " ind2=" ">
    <subfield code="a">124 p&#xE1;ginas ;</subfield>
    <subfield code="c">21 cm.</subfield>
  </datafield>
  <datafield tag="440" ind1=" " ind2=" ">
    <subfield code="a">Revista Inka Rimay.</subfield>
    <subfield code="n">N&#xB0;4, 1999.</subfield>
    <subfield code="9">47535</subfield>
  </datafield>
  <datafield tag="505" ind1=" " ind2=" ">
    <subfield code="a">Contenido: Un s&#xED;mbolo del Cusco &#xBF;s&#xED;ntesis de avanzados conocimientos Astron&#xF3;micos?. --  Propuesta para una ortograf&#xED;a para el quechua sure&#xF1;o. -- Nombre de las letras del alfabeto quechua. -- Una novela andina. -- Importancia de las concordancias fon&#xE9;ticas esclarecimiento fon&#xE9;ticos. --  Educaci&#xF3;n biling&#xFC;e intercultural. -- Runa Simi idioma de persona. -- El complejo arqueol&#xF3;gico de Q&#xB4;enqo templo del amor y del matrimonio ritual de la civilizaci&#xF3;n Inka. -- El mundo andino en la perspectiva de Jos&#xE9; Carlos Mari&#xE1;tegui. -- El idioma quechua en resumen. -- Animo kargo cargo de las animas. -- Pitumarca llaqta. -- El runa simi en el Jap&#xF3;n. --Escritura Inka. ...</subfield>
  </datafield>
  <datafield tag="650" ind1=" " ind2=" ">
    <subfield code="a">Inkas</subfield>
    <subfield code="9">1899</subfield>
  </datafield>
  <datafield tag="650" ind1=" " ind2=" ">
    <subfield code="a">Idioma Quechua</subfield>
    <subfield code="9">27790</subfield>
  </datafield>
  <datafield tag="650" ind1=" " ind2=" ">
    <subfield code="a">Siglo XX</subfield>
    <subfield code="9">8</subfield>
  </datafield>
  <datafield tag="942" ind1=" " ind2=" ">
    <subfield code="2">ddc</subfield>
    <subfield code="c">LIBROS</subfield>
  </datafield>
  <datafield tag="945" ind1=" " ind2=" ">
    <subfield code="a">vhl</subfield>
  </datafield>
  <datafield tag="952" ind1=" " ind2=" ">
    <subfield code="0">0</subfield>
    <subfield code="2">ddc</subfield>
    <subfield code="4">0</subfield>
    <subfield code="7">0</subfield>
    <subfield code="a">HEM</subfield>
    <subfield code="b">HEM</subfield>
    <subfield code="c">CART</subfield>
    <subfield code="d">2022-03-14</subfield>
    <subfield code="g">5.00</subfield>
    <subfield code="o">InkaRimay/N&#xB0;4/1999</subfield>
    <subfield code="p">REVC000629</subfield>
    <subfield code="r">2022-03-14</subfield>
    <subfield code="y">PP</subfield>
  </datafield>
</record>
